000
00277nam a2200109Ia 4500
008
200302s9999 xx 000 0 und d
100
_a
Kevin Swingler
245
_a
Applying Neural Networks A Practical Guide
260
_b
Academic Press Ltd.
260
_c
1996
300
_a
303 P.,
999
_c
5565
_d
5565